Musique de JUL - MORT SUBITE - Statistiques

Statistiques générales
  • Ce quiz a été pris 35 189 fois
  • Le résultat moyen est 3 sur 20
Answers on the Grid
Answers color-coded by a green-red scale on the quiz's grid according to % correct below.
Mélancolie du soir
como te llamas
Finis les
La fusée
Ma beauté
Le patron
Parfum du quartier
Moi
Indépendance
Bagarre
Extraterrestre
Tutu
Wesh alors
Asalto
Marseille City
Fréquenter
Sous la lune
On m'appelle l'ovni
Tokyo
Ma jolie
Le J
Sakakini
4 juin 2023
Au bord de la mer
Coeur Blanc
Eh ça va guy
Je tourne en rond
Pic et pic, alcool et drame
elvira
Qui a dit ?
 
Statistiques - réponses
Réponse % Correct
Mélancolie du soir
56%
Ma jolie
35%
Wesh alors
33%
La fusée
32%
Sous la lune
26%
On m'appelle l'ovni
25%
Pic et pic, alcool et drame
25%
Asalto
20%
como te llamas
19%
Coeur Blanc
12%
Je tourne en rond
11%
Tokyo
10%
Fréquenter
9%
Moi
7%
Le patron
6%
Qui a dit ?
5%
Au bord de la mer
4%
Sakakini
4%
Bagarre
3%
Eh ça va guy
3%
Aucun quiz correspondant
Distribution des résultats
% des personnes avec chaque résultat
Percentile par nombre de réponses
Votre historique - résultats
Vous n’avez pas pris ce quiz